| 000 | 00389nam a2200157Ia 4500 | ||
|---|---|---|---|
| 008 | 230917s9999||||xx |||||||||||||| ||und|| | ||
| 020 | _cRS125 | ||
| 040 |
_e8648 _aMAIN |
||
| 041 | _aEnglish | ||
| 082 | _a327.112 J199B | ||
| 100 | _aRikhi, Jaipal | ||
| 245 | 0 | _aBalance of power in the nuclear age | |
| 260 |
_aAhmedabad _bAllied Publishers _c1989 |
||
| 300 | _av, 308 p. | ||
| 942 | _cBK | ||
| 999 |
_c63438 _d63438 |
||